2008 г. - столица культурного развития

Detalles Bibliográficos
Autor Principal: Ван Шуань
Summary:Книга на китайском языке.
Idioma:chinés
Publicado: Пекин, Китайская экономика, 2005
Subjects:
Formato: MixedMaterials Libro
KOHA link:https://koha.lib.tpu.ru/cgi-bin/koha/opac-detail.pl?biblionumber=117611

MARC

LEADER 00000nam0a2200000 4500
001 117611
005 20231031123838.0
010 |a 7501769710 
035 |a (RuTPU)RU\TPU\book\127305 
090 |a 117611 
100 |a 20070605d2005 m y0rusy50 ea 
101 0 |a chi 
102 |a CN 
105 |a y z 000zy 
200 1 |a 2008 г. - столица культурного развития   |f Ван Шуань 
210 |a Пекин  |c Китайская экономика  |d 2005 
215 |a 248 с. 
300 |a Книга на китайском языке. 
610 1 |a география 
610 1 |a политика 
610 1 |a экономика 
610 1 |a культура 
610 1 |a спорт 
610 1 |a Олимпийские игры 
610 1 |a 21 век 
610 1 |a Китай 
610 1 |a Пекин 
675 |a 91(51)  |v 3 
686 |a У9(5Кит)  |v LBC/SL-A  |2 rubbk 
700 0 |a Ван Шуань 
801 1 |a RU  |b 63413507  |c 20070605  |g PSBO 
801 2 |a RU  |b 63413507  |c 20220530  |g PSBO 
942 |c BK